Digital Design : (Record no. 223)
[ view plain ]
| 000 -LEADER | |
|---|---|
| fixed length control field | 00410nam a2200145 a 4500 |
| 020 ## - INTERNATIONAL STANDARD BOOK NUMBER | |
| ISBN | 8131216632 (paperback) |
| 020 ## - INTERNATIONAL STANDARD BOOK NUMBER | |
| ISBN | 9788131216637 (paperback) |
| 100 1# - MAIN ENTRY--AUTHOR NAME | |
| Personal name | J., ASHENDEN PETER. |
| 245 10 - TITLE STATEMENT | |
| Title | Digital Design : |
| 260 ## - PUBLICATION, DISTRIBUTION, ETC. (IMPRINT) | |
| Place of publication | [S.l.] : |
| Name of publisher | Elsevier, |
| Year of publication | 2008. |
| 300 ## - PHYSICAL DESCRIPTION | |
| Number of Pages | 1 v. (unpaged) ; |
| 650 ## - SUBJECT ADDED ENTRY--TOPICAL TERM | |
| Topical Term | Digital Design |
| 856 40 - ELECTRONIC LOCATION AND ACCESS | |
| Uniform Resource Identifier | http://www.amazon.com/exec/obidos/ASIN/8131216632/chopaconline-20 |
| 942 ## - ADDED ENTRY ELEMENTS (KOHA) | |
| Koha item type | Books |
| Withdrawn status | Lost status | Collection code | Permanent Location | Current Location | Date acquired | Cost, normal purchase price | Full call number | Accession Number | Koha item type |
|---|---|---|---|---|---|---|---|---|---|
| Central Library, QUEST Campus, Larkano | Central Library, QUEST Campus, Larkano | 2016-10-28 | 1341.00 | 621.395ASH | L15463 | Books | |||
| Central Library, QUEST, Nawabshah | Central Library, QUEST, Nawabshah | 2015-11-03 | 557.00 | 621.395ASH | 53365 | Books | |||
| Central Library, QUEST, Nawabshah | Central Library, QUEST, Nawabshah | 2015-11-09 | 1313.00 | 621.395ASH | 53515 | Books | |||
| Reference | Reference Section | Reference Section | 2014-04-23 | 884.00 | 621.395ASH (Shelf-62C) | 34534 | Books |